| 000 | 00347 a2200145 4500 | ||
|---|---|---|---|
| 001 | 47953 | ||
| 040 | _cAnchieta - Aquarius | ||
| 100 | _aHeck, Lenira Almeida | ||
| 240 | 1 | 0 |
_aO mistério do anel de pérola _lpor |
| 245 | 1 | 0 | _aO mistério do anel de pérola |
| 300 | _a28 | ||
| 362 | 0 | _a2008 | |
| 650 | 4 | _aLiteratura infanto-juvenil | |
| 942 | _cBK | ||
| 999 |
_c47953 _d47953 |
||